| 000 | 01001cam a22003015a 4500 | ||
|---|---|---|---|
| 001 | ssj0000720629 | ||
| 003 | OSt | ||
| 005 | 20151217130145.0 | ||
| 008 | 100226t2010 nyua frb 001 0 eng d | ||
| 020 | _a9781568989372 | ||
| 040 |
_aDLC _cDLC _dEG-ScBUE _beng |
||
| 082 | 0 | 4 |
_a005.1 _222 _bREA |
| 100 | 1 |
_aReas, Casey. _938935 |
|
| 245 | 1 | 0 |
_aForm+code in design, art, and architecture / _cCasey Reas, Chandler McWilliams, Lust. |
| 246 | 3 | _aForm and code in design, art, and architecture | |
| 260 |
_aNew York : _bPrinceton Architectural Press, _cc.2010. |
||
| 300 |
_a176 p. : _bill. (some col.) ; _c22 cm. |
||
| 490 | 0 | _aDesign briefs | |
| 500 | _aIndex : p.176. | ||
| 504 | _aBibliography : p. 174-175. | ||
| 650 | 7 |
_aComputer software _xDevelopment. _2BUEsh _911535 |
|
| 650 | 7 |
_aComputer-aided design. _2BUEsh _93588 |
|
| 650 | 0 |
_aArt and technology. _2BUEsh |
|
| 653 |
_bENGARC _cJuly2015 _cDecember2015 |
||
| 700 | 1 | _aMcWilliams, Chandler. | |
| 710 | 2 | _aLUST. | |
| 942 |
_2ddc _k005.1 REA |
||
| 999 |
_c20177 _d20149 |
||